| 000 | 00466nam a2200169Ia 4500 | ||
|---|---|---|---|
| 999 |
_c36189 _d36189 |
||
| 003 | OSt | ||
| 005 | 20201216101943.0 | ||
| 008 | 190216s9999||||xx |||||||||||||| ||und|| | ||
| 040 | _coclc | ||
| 082 |
_a050 _bMAN/M |
||
| 100 |
_aManorama _97550 |
||
| 245 | 0 |
_aMalayala Manorama Yearbook 1995 / _cManorama |
|
| 260 |
_bManorama Publishing House, _c1995. |
||
| 300 | _a640p | ||
| 650 | _aReferences | ||
| 942 |
_cREF _2ddc _h050 _iMAN/M _k050 _mMAN/M |
||